Modern India: For Civil Services And Other Competitive Examinations (Record no. 221838)

MARC details
000 -LEADER
fixed length control field 03218nam a22002417a 4500
005 - DATE AND TIME OF LATEST TRANSACTION
control field 20220312113051.0
008 - FIXED-LENGTH DATA ELEMENTS--GENERAL INFORMATION
fixed length control field 220312b ||||| |||| 00| 0 eng d
020 ## - INTERNATIONAL STANDARD BOOK NUMBER
International Standard Book Number 9789354600104
040 ## - CATALOGING SOURCE
Transcribing agency AL
041 ## - LANGUAGE CODE
Language code of text/sound track or separate title English
082 ## - DEWEY DECIMAL CLASSIFICATION NUMBER
Edition number 23
Classification number 954.035
Item number DAHM
100 ## - MAIN ENTRY--PERSONAL NAME
Personal name Poonam Dalal Dahiya
100 ## - MAIN ENTRY--PERSONAL NAME
9 (RLIN) 23470
245 ## - TITLE STATEMENT
Title Modern India: For Civil Services And Other Competitive Examinations
260 ## - PUBLICATION, DISTRIBUTION, ETC.
Place of publication, distribution, etc. Chennai
Name of publisher, distributor, etc. McGraw Hill Education(India) Private Limited
Date of publication, distribution, etc. 2022
300 ## - PHYSICAL DESCRIPTION
Extent xxiii,480 p.
Other physical details PB
Dimensions 24x18 cm.
365 ## - TRADE PRICE
Price type code 6319
Price amount ₹488.00
Currency code
Unit of pricing ₹610.00
Price note 20%
Price effective from 08-03-2022
520 ## - SUMMARY, ETC.
Summary, etc. “I had always been a great fan of Poonam Dalal Dahiya Madam’s way of writing. She has an edge over other authors as she understands and presents a topic in a student friendly way. Her Ancient and Medieval India had been a one stop solution for my Civil Services Preparation. And now she comes with Modern India which comes loaded with comprehensive coverage of the entire syllabus, well-researched analysis & two quick revision detachable charts. It makes history much more interesting and easy to grasp. I must say that had this book been there during my preparation time, history would have been kinder to me. This book is another bestseller from her. My best wishes<br/>McGraw-Hill presents the first edition of Modern India: For Civil Services and Other Competitive Examinations by Poonam Dalal Dahiya, an author popular among the UPSC Community for her subject-matter expertise. The book provides comprehensive information on history of modern India to help students excel in the UPSC Civil Services and other competitive examinations. Useful equally for both preliminary and main examinations, the book with its thorough analysis of the crucial events help the students to gain conceptual understanding of the subject.<br/>Salient Features:<br/><br/>1. Four-colour detachable charts for an easy and quick revision<br/><br/>2. Written comprehensively in an easy to grasp manner, covering the entire syllabus<br/><br/>3. In-depth coverage and analysis of all the important topics like whether British Conquest of India, was accidental or pre-planned, was the Revolt of 1857 the first war or independence, among others<br/><br/>4. Extensive insertion of quotations to make the book not only interesting but to make the students understand the multiple dimensions and perspectives related to the issue<br/><br/>5. Thorough structuring of the topics through information boxes, flowcharts, bullets, tables, block diagrams, images, maps among others<br/><br/>6. Important keywords highlighted and previous years’ questions provided in every chapter<br/><br/>7. Quick revision through the 7 appendices containing concise information related to all the crucial aspects such as Indian National Congress Sessions, Important Milestones in the Development of Education<br/><br/>8. Videos to recapitulate following key concepts available at the given link/QR code<br/><br/>• British Conquest of India<br/><br/>• Phases of Communalism<br/>• Revolt of 1857<br/>• INA Experiment and Agitation<br/>Moderates and Extremists<br/>
650 ## - SUBJECT ADDED ENTRY--TOPICAL TERM
Topical term or geographic name entry element Modern India
9 (RLIN) 23471
650 ## - SUBJECT ADDED ENTRY--TOPICAL TERM
Topical term or geographic name entry element Civil Services
9 (RLIN) 23472
650 ## - SUBJECT ADDED ENTRY--TOPICAL TERM
Topical term or geographic name entry element Competitive Examinations
9 (RLIN) 23473
700 ## - ADDED ENTRY--PERSONAL NAME
Personal name DAHIYA (Poonam Dalal)
9 (RLIN) 23474
942 ## - ADDED ENTRY ELEMENTS (KOHA)
Source of classification or shelving scheme Dewey Decimal Classification
Koha item type Book
Holdings
Withdrawn status Lost status Source of classification or shelving scheme Damaged status Not for loan Collection code Home library Current library Date acquired Source of acquisition Cost, normal purchase price Total Checkouts Total Renewals Full call number Barcode Date last seen Date last checked out Cost, replacement price Price effective from Koha item type
    Dewey Decimal Classification     History St Aloysius Library St Aloysius Library 03/09/2022 Biblios Book Point 488.00 9 1 954.035 DAHM 075603 03/08/2025 03/04/2025 610.00 03/12/2022 Book